|
|
|
|
| LEADER |
00000cam a2200000 a 4500 |
| 005 |
20040706180712.0 |
| 008 |
040412s2001 cl b 000 0 spa d |
| 010 |
|
|
|a
|
| 020 |
|
|
|a 978-956-10-1979-9
|
| 035 |
|
|
|a 5482
|
| 040 |
|
|
|a FML
|c FML
|d OCLCQ
|d DLC
|d vLex
|
| 043 |
|
|
|a s-cl---
|
| 082 |
0 |
0 |
|a 346.8302
|2 22
|
| 090 |
|
|
|c 2181
|d 2181
|
| 100 |
1 |
|
|a Abeliuk Manasevich, Reň
|
| 245 |
1 |
4 |
|a Las obligaciones /
|c Ren ̌Abeliuk Manasevich.
|h [Recurso electrn̤ico]
|p Tomo II
|
| 256 |
|
|
|a Servicio en ln̕ea.
|
| 260 |
|
|
|a Santiago :
|b Editorial Jurd̕ica de Chile,
|c 2001.
|
| 300 |
|
|
|a 2 v. ;
|c 24 cm.
|
| 504 |
|
|
|a Includes bibliographical references.
|
| 506 |
1 |
|
|a Contenido solo disponible en los productos indicados
|d vLex Global
|d vLex Global (Academic Edition, excluding Law Schools)
|d vLex Global (U.S. Academic Edition, Law Schools)
|d vLex Global (U.S. Academic Edition, excluding Law Schools)
|d vLex Global (Academic Edition, Law Schools)
|
| 650 |
|
0 |
|a Obligations (Law)
|z Chile.
|
| 740 |
0 |
|
|a vLex Libros (Servicio en ln̕ea)
|
| 856 |
4 |
0 |
|u http://vlex.com/source/obligaciones-tomo-ii-5482
|z Acceso restringido
|
| 942 |
|
|
|c BOOK
|